| 000 | 008620000a22002290004500 | ||
|---|---|---|---|
| 001 | 50400 | ||
| 010 | _a978-972-9064-25-8 | ||
| 090 | _a50400 | ||
| 100 | _a20100618d2010 k y0pory5003 ba | ||
| 101 | 0 | _apor | |
| 102 | _aPT | ||
| 200 | 1 |
_aDiana ou a fada da floresta e outros... _fCâmara Municipal de Loulé. Câmara Municipal de Lagos |
|
| 210 |
_aLoulé, Lagos _cCâmara Municipal de Loulé, Câmara Municipal de Lagos _d2006 |
||
| 215 |
_a63 p. _cil. _d21 cm |
||
| 300 | _aPrimeira edição do concurso literário Sophia de Mello Breyner Andresen | ||
| 606 |
_aLiteratura juvenil _xConto |
||
| 675 |
_a824.134.3-34"20" _vBN _zpor |
||
| 710 | 0 | 2 | _aLoulé, Câmara Municipal de |
| 711 | 0 | 2 |
_4070 _aLagos, Câmara Municipal de |
| 801 |
_aPT _c20100618 |
||
| 942 |
_cMON _n0 |
||
| 999 |
_a50400 _bBibliobase - BEBDPPC _c2019-01-21 |
||